000
00310nam a22001337a 4500
008
171024b xxu||||| |||| 00| 0 eng d
020
_a
9780155835450
041
_a
eng
080
_a
311
100
_a
55
101
_a
STA
245
_a
STATISTICS FOR BUSSINESS AND ECONOMICS
_c
INGRAM.J.A
942
_2
udc
_c
BK
999
_c
35624
_d
35624